{"text_format":"1","workbook":"xls","n_sheets":3,"sheets":["企业原料采购申请表","企业原料采购登记表","Sheet3"],"not_rendered":{"charts":0,"images":0,"macros":0,"external_links":1,"defined_names":0,"comments":0,"pivot_tables":0},"unopened":[],"bounds":{"document_bytes":16777216,"sheet_cells":100000,"rows_first":2000,"rows_last":500,"rows_between":2000,"halvings":0,"cell_chars":16384,"cell_head_chars":4096},"cells_cut":0,"cells_raw":0,"read":"whole","date_system":"1900","formulas":"cached_only"}

{"sheet":"企业原料采购申请表","index":0,"n_rows":22,"n_cols":9,"rows_kept":22,"cut":false,"hidden":false,"merged":[[4,0,18,0],[0,0,0,8],[19,0,19,3],[20,7,20,8],[20,0,20,1],[21,0,21,1],[20,2,20,3],[21,2,21,3],[21,7,21,8]],"flags":["formulas_cached_only"]}
["原 料 采 购 申 请 表"]
["申请部门","销售部","申请日期",2005,"年",10,"月",30,"日"]
["采购原因","库存不足","要求到货日期",2005,"年",11,"月",30,"日"]
[null,"序号","原料名称","规格型号","申购数量","库存量","单位","标准用量","供应商"]
["采购清单",1,"空调1",null,19,3,"台",16,"三菱"]
[null,2,"空调2",null,30,2,"台",25,"海尔"]
[null,3,"空调3",null,39,4,"台",33,"日立"]
[null,4,"空调4",null,60,3,"台",50,"美的"]
[null,5,"空调5",null,66,7,"台",55,"奥柯玛"]
[null,6,"空调6",null,30,5,"台",25,"三菱"]
[null,7,"空调7",null,39,2,"台",33,"美的"]
[null,8,"空调8",null,30,6,"台",25,"奥柯玛"]
[null,9,"空调9",null,30,8,"台",25,"三菱"]
[null,10,"空调10",null,49,2,"台",41,"奥克斯"]
[null,11,"空调11",null,19,10,"台",16,"海尔"]
[null,12,"空调12",null,39,5,"台",33,"美的"]
[null,13,"空调13",null,19,9,"台",16,"奥柯玛"]
[null,14,"空调14",null,60,4,"台",50,"日立"]
[null,15,"空调15",null,30,7,"台",25,"海尔"]
["    合计",null,null,null,559,77,null,468]
["经营计划部意见",null,null,null,"签字",null,"日期"]
["总经理审批意见",null,null,null,"签字",null,"日期"]

{"sheet":"企业原料采购登记表","index":1,"n_rows":24,"n_cols":13,"rows_kept":24,"cut":false,"hidden":false,"merged":[[0,0,0,12]],"flags":["formulas_cached_only"]}
["原 料 采 购 登 记 表"]
["序号","原料名称","购买数量","单位","单价","金额","采购发票号","购买日期","合同号","交货日期","交货数量","交货情况","供应商"]
[1,"空调1",19,"台",4000,76000,1000100,"2005-11-02","HT100","2005-11-05",19,"已交","三菱"]
[6,"空调6",30,"台",2100,63000,1000105,"2005-11-12","HT100","2005-11-12",30,"已交","三菱"]
[9,"空调9",30,"台",1500,45000,1000108,"2005-11-17","HT100","2005-11-18",30,"已交","三菱"]
[null,null,null,null,null,null,null,null,"HT100 计数",null,null,null,3]
[2,"空调2",30,"台",2500,75000,1000101,"2005-11-05","HT101","2005-11-07",30,"已交","海尔"]
[11,"空调11",19,"台",1900,36100,1000110,"2005-11-24","HT101","2005-11-25",19,"已交","海尔"]
[15,"空调15",30,"台",2800,84000,1000114,"2005-11-29","HT101","2005-11-30",30,"已交","海尔"]
[null,null,null,null,null,null,null,null,"HT101 计数",null,null,null,3]
[3,"空调3",39,"台",3000,117000,1000102,"2005-11-05","HT102","2005-01-08",39,"已交","日立"]
[14,"空调14",60,"台",3600,216000,1000113,"2005-11-28","HT102","2005-11-29",60,"已交","日立"]
[null,null,null,null,null,null,null,null,"HT102 计数",null,null,null,2]
[4,"空调4",60,"台",2000,120000,1000103,"2005-11-07","HT103","2005-11-08",60,"已交","美的"]
[7,"空调7",39,"台",1700,66300,1000106,"2005-11-13","HT103","2005-11-15",39,"已交","美的"]
[12,"空调12",39,"台",3000,117000,1000111,"2005-11-25","HT103","2005-11-27",39,"已交","美的"]
[null,null,null,null,null,null,null,null,"HT103 计数",null,null,null,3]
[5,"空调5",66,"台",1800,118800,1000104,"2005-11-10","HT104","2005-11-12",66,"已交","奥柯玛"]
[8,"空调8",30,"台",1000,30000,1000107,"2005-11-15","HT104","2005-11-16",30,"已交","奥柯玛"]
[13,"空调13",19,"台",2500,47500,1000112,"2005-11-27","HT104","2005-11-28",19,"已交","奥柯玛"]
[null,null,null,null,null,null,null,null,"HT104 计数",null,null,null,3]
[10,"空调10",49,"台",2200,107800,1000109,"2005-11-20","HT109","2005-11-21",49,"已交","奥克斯"]
[null,null,null,null,null,null,null,null,"HT109 计数",null,null,null,1]
[null,null,null,null,null,null,null,null,"总计数",null,null,null,15]

{"sheet":"Sheet3","index":2,"n_rows":0,"n_cols":0,"rows_kept":0,"cut":false,"hidden":false,"merged":[],"flags":["formulas_cached_only"]}